Normal view
MARC view
- خاطر ، شريف يوسف
Entry Personal Name
001 - CONTROL NUMBER
- control field: 32453
003 - CONTROL NUMBER IDENTIFIER
- control field: JO-AjAnu
005 - DATE AND TIME OF LATEST TRANSACTION
- control field: 20230606075444.0
008 - FIXED-LENGTH DATA ELEMENTS
- fixed length control field: 230606|| aca||aabn | a|a d
040 ## - CATALOGING SOURCE
- Original cataloging agency: JO-AjAnu
- Transcribing agency: JO-AjAnu
100 ## - HEADING--PERSONAL NAME
- Personal name: خاطر ، شريف يوسف
670 ## - SOURCE DATA FOUND
- Source citation: Work cat.: (JO-AjAnu)16671: خاطر ، شريف يوسف , author, دور القضاء الإداري المستعجل في حماية الحريات الأساسية : دراسة تحليلية تطبيقية للمادة 521-2 من تقنين القضاء الإداري الفرنسي مقارنة بالقانون المصري